000 00309cam a2200121ua 4500
082 _a894.812 2
_bPAD/YA
100 _aPadmanabha Pillai, Kainikara .
_91694
245 _aYavanika /
260 _aKottayam :
_bNational Book Stall ,
_c1959.
300 _a135 ; .
650 _aDrama - Malayalam
_91695
942 _cBK
999 _c464
_d464